| 000 | 01113cam a2200313 a 4500 | ||
|---|---|---|---|
| 001 | 13996862 | ||
| 003 | BD-DhUL | ||
| 005 | 20170504133839.0 | ||
| 008 | 050609s1994 bg b 000 0 eng | ||
| 010 | _a 2005310469 | ||
| 025 | _aB-E-2005-310469; 21 | ||
| 037 |
_bLibrary of Congress -- New Delhi Overseas Office _cTk50.00 |
||
| 040 |
_aDLC _cDLC _dBD-DhUL |
||
| 041 | 0 |
_aeng _aben |
|
| 042 | _alcode | ||
| 043 | _aa-bg--- | ||
| 050 | 0 | 0 |
_aDS396.8.C4 _bK36 1994 |
| 082 |
_a954.923 _bQAC |
||
| 100 | 1 | _aQanungo, Suniti Bhushan. | |
| 245 | 1 | 4 |
_aThe Chittagong revolt, 1930-34 / _cSuniti Bhushan Qanungo. |
| 260 |
_aChittagong : _bDipankar Qanungo, _c1994. |
||
| 300 |
_avi, 131 p. ; _c23 cm. |
||
| 504 | _aIncludes bibliographical references. | ||
| 520 | _aOn the political conditions in Chattagram District, Bangladesh in light of the armoury raid of 1931 and the British Indian rule; a study. | ||
| 546 | _aAppendices in Bengali. | ||
| 650 | 0 |
_aNationalism _zBangladesh _zChattagram District _xHistory. |
|
| 651 | 0 |
_aChattagram District (Bangladesh) _xPolitics and government. |
|
| 942 |
_2ddc _cBK |
||
| 999 |
_c194240 _d194240 |
||